Aspects of the black economy in India (Record no. 434367)

000 -LEADER
fixed length control field 00383cam a22001217a 4500
008 - FIXED-LENGTH DATA ELEMENTS--GENERAL INFORMATION
fixed length control field 180718b1985 xxu||||| |||| 00| 0 eng d
082 ## - DEWEY DECIMAL CLASSIFICATION NUMBER
Classification number T41x54 Ac44
100 ## - MAIN ENTRY--PERSONAL NAME
Personal name Acharya, Shankar N.
245 ## - TITLE STATEMENT
Title Aspects of the black economy in India
Statement of responsibility, etc. by Shankar N. Acharya
260 ## - PUBLICATION, DISTRIBUTION, ETC.
Place of publication, distribution, etc. New Delhi
Name of publisher, distributor, etc. National Institute of Public Finance and Policy
Date of publication, distribution, etc. 1985
300 ## - PHYSICAL DESCRIPTION
Extent xxxi, 531p.
650 ## - SUBJECT ADDED ENTRY--TOPICAL TERM
Topical term or geographic name entry element Economy
Holdings
Withdrawn status Lost status Damaged status Not for loan Permanent Location Current Location Date acquired Full call number Barcode Date last seen Price effective from Koha item type
        Indian Institute of Public Administration Indian Institute of Public Administration 2010-02-15 T41x54 Ac44 63730 2018-07-21 2018-07-21 Book

Powered by Koha